000 00722nam a2200205Ia 4500
003 GCL
008 140319s9999 xx 000 0 ara d
040 _aGCL /
_cGCL
082 0 4 _a398.9
_bم ا
100 1 _aفؤاد عبدالمنعم احمد
245 1 0 _aالامثال والحكم /
_cفؤاد عبدالمنعم احمد
700 1 _aالماوردى : ابوالحسن على بن محمد بن حبيب البصرى البغدادى
250 _aالاولى
260 _aالقاهرة :
_bمؤسسة شباب الجامعة
300 _a229 ص ؛
_c24سم
650 0 4 _aالامثال
650 0 4 _aالسنة - افعال الرسول
650 0 4 _aالحكم والامثال
942 _2ddc
_cBK
999 _c45602
_d45602